UFC 51-100 Main Fights Winners - Statistics

General Stats
  • This quiz has been taken 37 times
  • The average score is 40 of 50
Answer Stats
UFC # Winner Loser % Correct
UFC 52 Chuck Liddell Randy Couture
94%
UFC 54 Chuck Liddell Jeremy Horn
94%
UFC 57 Chuck Liddell Randy Couture
94%
UFC 62 Chuck Liddell Renato Sobral
94%
UFC 66 Chuck Liddell Tito Ortiz
94%
UFC 64 Anderson Silva Rich Franklin
91%
UFC 67 Anderson Silva Travis Lutter
91%
UFC 73 Anderson Silva Nate Marquardt
91%
UFC 77 Anderson Silva Rich Franklin
91%
UFC 82 Anderson Silva Dan Henderson
91%
UFC 90 Anderson Silva Patrick Cote
91%
UFC 97 Anderson Silva Thales Leites
91%
UFC 80 B.J. Penn Joe Stevenson
91%
UFC 84 B.J. Penn Sean Sherk
91%
UFC 65 Georges St-Pierre Matt Hughes
91%
UFC 79 Georges St-Pierre Matt Hughes
91%
UFC 83 Georges St-Pierre Matt Serra
91%
UFC 87 Georges St-Pierre Jon Fitch
91%
UFC 94 Georges St-Pierre B.J. Penn
91%
UFC 60 Matt Hughes Royce Gracie
91%
UFC 63 Matt Hughes B.J. Penn
91%
UFC 68 Randy Couture Tim Sylvia
91%
UFC 74 Randy Couture Gabriel Gonzaga
91%
UFC 51 Tito Ortiz Vitor Belfort
91%
UFC 71 Quinton Jackson Chuck Liddell
88%
UFC 75 Quinton Jackson Dan Henderson
88%
UFC 96 Quinton Jackson Keith Jardine
88%
UFC 53 Andrei Arlovski Justin Eilers
85%
UFC 55 Andrei Arlovski Paul Buentello
85%
UFC 78 Rashad Evans Michael Bisping
85%
UFC 88 Rashad Evans Chuck Liddell
85%
UFC 92 Rashad Evans Forrest Griffin
85%
UFC 91 Brock Lesnar Randy Couture
82%
UFC 100 Brock Lesnar Frank Mir
82%
UFC 69 Matt Serra Georges St-Pierre
82%
UFC 86 Forrest Griffin Quinton Jackson
79%
UFC 59 Tim Sylvia Andrei Arlovski
79%
UFC 61 Tim Sylvia Andrei Arlovski
79%
UFC 93 Dan Henderson Rich Franklin
76%
UFC 98 Lyoto Machida Rashad Evans
71%
UFC 56 Rich Franklin Nate Quarry
65%
UFC 58 Rich Franklin David Loiseau
65%
UFC 72 Rich Franklin Yushin Okami
65%
UFC 99 Rich Franklin Wanderlei Silva
65%
UFC 89 Michael Bisping Chris Leben
59%
UFC 70 Gabriel Gonzaga Mirko Cro Cop
56%
UFC 81 Antonio Rodrigo Nogueira Tim Sylvia
38%
UFC 76 Keith Jardine Chuck Liddell
32%
UFC 95 Diego Sanchez Joe Stevenson
21%
UFC 85 Thiago Alves Matt Hughes
21%
No matching quizzes found
Score Distribution
Percent of People with Each Score
Percentile by Number Answered
Your Score History
You have not taken this quiz